000 00929nam a2200277 a 4500
001 BRCA_2656
005 20190320203917.0
008 011208s1915----u--a######---#000-0#eng-u
041 _aeng
044 _au
050 4 _aNK4523
_b.B37 1915
100 1 _aBarber, Edwin Atlee
_d1851-1916
_97296
245 1 0 _aSpanish Porcelains and Terra Cottas in the Collection of the Hispanic Society of America
_cby Edwin Atlee Barber.
260 _aFiladelfia
_bThe Hispanic Society of America
_c1915
300 _a42 p.
_bil. (algunas a color)
_c20 cm.
440 0 _aPublications of the Hispanic Society of America
_v93
_97541
500 _aEjemplar igual al No. 93 de U72
500 _aA103
650 1 4 _aCerámica española
_91422
650 1 4 _aTerracotas
_97542
650 1 4 _aCerámica
_zNueva York
_97543
650 1 4 _aPorcelana
_zNueva York
_97544
710 2 _aHispanic Society of America
_97545
902 _aGFM
942 _2lcc
_cB
999 _c2396
_d2396